• 首页
  • 本馆介绍
  • 公告通知
  • 最新文献
  • 馆藏检索
  • 电子资源
  • 读者导购
  • 参考咨询
  • 我的图书馆
  • 登录
  • 详细信息显示
  • 放入我的书架
  • 预约/预借图书
  • 作者相关作品
  • 分类相关作品
  • 丛书相关作品
  • 出版社相关作品

书目信息

  • 表格格式
  • 工作单格式
  • 卡片格式
题名:
中日文化比较研究论集
    
 
作者: 王秋菊 主编
分册: 第三辑  
出版信息: 沈阳   东北大学出版社  2014.7
页数: 334页
开本: 23cm
丛书名:
单 册:
中图分类: G04-53
科图分类:
主题词: 比较文化--Bi Jiao Wen Hua--中国、日本--文集--日文 , 中国、日本--Zhong Guo Ri Ben , 文集--Wen Ji , 日文--Ri Wen
电子资源:
ISBN: 978-7-5517-0676-6
000 00977nam0 22002651 450
001 350453
005 20161012081021.45
010    @a978-7-5517-0676-6@dCNY69.00
100    @a20140813d2014 em y0chiy0110 ea
101 0  @ajpn
102    @aCN@b210000
105    @ay z 000yy
106    @ar
200 1  @a中日文化比较研究论集@AZhong Ri Wen Hua Bi Jiao Yan Jiu Lun Ji@h第三辑@f王秋菊主编
210    @a沈阳@c东北大学出版社@d2014.7
215    @a334页@d23cm
330    @a本书是“中日文化比较研究国际学术研讨会”论文集,围绕中日两国语言、文学、文化、科技、社会等内容展开讨论,研究21世纪人文文化的发展趋势,探讨语言文化与社会文化的交叉研究。适合日语爱好者、日本文化研究者等阅读。
606 0  @a比较文化@ABi Jiao Wen Hua@y中国、日本@j文集@x日文
606 0  @a中国、日本@AZhong Guo Ri Ben
606 0  @a文集@AWen Ji
606 0  @a日文@ARi Wen
690    @aG04-53@v5
701  0 @a王秋菊@AWang Qiu Ju@4主编
801  0 @aCN@bTANGWEI@c20160804
905    @b0890110-4@dG04-53@e102:3@f5
    
    中日文化比较研究论集.第三辑/王秋菊主编.-沈阳:东北大学出版社,2014.7
    334页;23cm
    
    
    ISBN 978-7-5517-0676-6:CNY69.00
    本书是“中日文化比较研究国际学术研讨会”论文集,围绕中日两国语言、文学、文化、科技、社会等内容展开讨论,研究21世纪人文文化的发展趋势,探讨语言文化与社会文化的交叉研究。适合日语爱好者、日本文化研究者等阅读。
●
相关链接 在E读中查询图书 在五车中查询图书 在当当中查询图书 在豆瓣中查询图书


正题名:中日文化比较研究论集     索取号:G04-53/102:3         预约/预借

序号 登录号 条形码 馆藏地/架位号 状态 备注
1 0890110   208901107   第一样本阅览室/ [索取号:G04-53/102:3] 在馆    
2 0890111   208901116   第四借阅区/ [索取号:G04-53/102:3] 在馆    
3 0890112   208901125   第四借阅区/ [索取号:G04-53/102:3] 在馆    
4 0890113   208901134   第四借阅区/ [索取号:G04-53/102:3] 在馆    
5 0890114   208901143   第四借阅区/ [索取号:G04-53/102:3] 在馆    
唐山师范学院图书馆 欢迎您!
大连网信软件有限公司© 版权所有